Violencia y justicia / (Record no. 17680)

MARC details
000 -LEADER
campo de control de longitud fija 00797nam a2200229 i 4500
001 - NÚMERO DE CONTROL
campo de control 17680
003 - IDENTIFICADOR DE NÚMERO DE CONTROL
campo de control ES-MaACL
005 - FECHA Y HORA DE LA ÚLTIMA TRANSACCIÓN
campo de control 20250902114315.0
007 - CAMPO FIJO DE DESCRIPCIÓN FÍSICA--INFORMACIÓN GENERAL
campo de control de longitud fija t|
008 - DATOS DE LONGITUD FIJA--INFORMACIÓN GENERAL
campo de control de longitud fija 010425s1994 cl ||||1| spa d
080 ## - NÚMERO DE LA CLASIFICACIÓN DECIMAL UNIVERSAL
Número de la Clasificación Decimal Universal 343.435
100 1# - ENTRADA PRINCIPAL--NOMBRE DE PERSONA
Nombre de persona Rivacoba y Rivacoba, Manuel de.
9 (RLIN) 97535
245 10 - MENCIÓN DEL TÍTULO
Título Violencia y justicia /
Mención de responsabilidad, etc. Manuel de Rivacoba y Rivacoba.
260 ## - PUBLICACIÓN, DISTRIBUCIÓN, ETC.
Lugar de publicación, distribución, etc. Valparaíso :
Nombre del editor, distribuidor, etc. Sociedad Chilena de Filosofía Jurídica y Social,
Fecha de publicación, distribución, etc. [1994]
300 ## - DESCRIPCIÓN FÍSICA
Extensión 27 p. ;
Dimensiones 20 cm.
595 ## -
-- Tirada aparte del vol. Recuerdo de Jorge Millas (Anuario de filosofía jurídica y social, 11, 1993)
650 14 - PUNTO DE ACCESO ADICIONAL DE MATERIA--TÉRMINO DE MATERIA
Término de materia o nombre geográfico como elemento de entrada Violencia (Derecho)
9 (RLIN) 17818
650 00 - PUNTO DE ACCESO ADICIONAL DE MATERIA--TÉRMINO DE MATERIA
Término de materia o nombre geográfico como elemento de entrada Justicia.
9 (RLIN) 14032
710 2# - ENTRADA AGREGADA--NOMBRE DE ENTIDAD CORPORATIVA
Nombre de entidad corporativa o nombre de jurisdicción como elemento de entrada Sociedad Chilena de Filosofía Jurídica y Social
9 (RLIN) 6651
852 ## - LOCALIZACIÓN
Ubicación ES-MaACL
Número de control de estantería 2163-F-9
Holdings
Estatus retirado Estado de pérdida Estado de daño No para préstamo Colección Biblioteca de origen Biblioteca actual Ubicación en estantería Fecha de adquisición Fuente de adquisición Total de préstamos Signatura topográfica completa Código de barras Visto por última vez Precio de reemplazo Tipo de ítem Koha
        Colección de folletos Biblioteca del Ateneo de Madrid Biblioteca del Ateneo de Madrid Depósito folletos 17/01/2008     2163-F-9 1018036 23/02/2023 23/02/2023 Folleto